000 00439nam a2200133Ia 4500
008 100328s9999 xx 000 0 und d
082 _b45485
100 _aगुजर ना.रा.
245 _aइथे अश्रू सुकून जातात
260 _b---
630 _aइथे अश्रू सुकून जातात
730 _aइथे अश्रू सुकून जातात
942 _cBOOK
999 _c533612
_d533609